ბათუმის შოთა რუსთაველის სახელმწიფო უნივერსიტეტის ბიბლიოთეკა

Цены. Ценообразование. ценовая политика: учебник (ბიბ.ჩანაწერი № 37024)

000 -LEADER
fixed length control field 00763nam a2200253Ia 4500
001 - CONTROL NUMBER
control field 2978
003 - CONTROL NUMBER IDENTIFIER
control field GE_BSU
008 - FIXED-LENGTH DATA ELEMENTS--GENERAL INFORMATION
fixed length control field 181216s||||||||xx |||||||||||||| ||und||
020 ## - INTERNATIONAL STANDARD BOOK NUMBER
International Standard Book Number 5893340124
040 ## - CATALOGING SOURCE
Transcribing agency GE_BSU
080 ## - UNIVERSAL DECIMAL CLASSIFICATION NUMBER
Universal Decimal Classification number 338.5(075.8)
100 ## - MAIN ENTRY--PERSONAL NAME
Personal name Уткин Э.А.
245 ## - TITLE STATEMENT
Title Цены. Ценообразование. ценовая политика: учебник
245 ## - TITLE STATEMENT
Statement of responsibility, etc. ред. М.М. Нецпалова. Ассоциация авторов и издателей "ТАНДЕМ
260 ## - PUBLICATION, DISTRIBUTION, ETC.
Place of publication, distribution, etc. Москва
260 ## - PUBLICATION, DISTRIBUTION, ETC.
Name of publisher, distributor, etc. ЭКМОС
260 ## - PUBLICATION, DISTRIBUTION, ETC.
Date of publication, distribution, etc. 1997
300 ## - PHYSICAL DESCRIPTION
Extent 224 с. 22 см.
653 ## - INDEX TERM--UNCONTROLLED
Uncontrolled term ценовая политика
653 ## - INDEX TERM--UNCONTROLLED
Uncontrolled term Ценообразование
653 ## - INDEX TERM--UNCONTROLLED
Uncontrolled term Цены
942 ## - ADDED ENTRY ELEMENTS (KOHA)
Koha item type წიგნი
ეგზემპლარები
Withdrawn status Lost status Damaged status Not for loan Date acquired Barcode Date last seen Price effective from Koha item type Public note
        2018-12-17 8013 2018-12-17 2018-12-17 წიგნი დარბაზი
        2018-12-17 8014 2018-12-17 2018-12-17 წიგნი დარბაზი